Word Ladder: Star Trek Movie Quiz Stats

Quiz Updated Oct 4, 2016

Challenge
Share
Tweet
Embed
Score 0/34 Timer 03:00
1 Play Today
Clue Answer % Correct
Homer and Marge's firstbornBART
92.1%
'Money ____ buy happiness'CAN'T
88.9%
The buck stops ____HERE
88.8%
NudeBARE
88%
The 'C' of TLCCARE
87.2%
Animal at Alice's tea partyHARE
86%
Hallmark productCARD
85.5%
Part of a bullfighter's costumeCAPE
81.1%
It's used to lure preyBAIT
80.5%
Take the skin off fruitPARE
79.7%
Someone who saves livesHERO
79.4%
Window partPANE
78.7%
____-a-brac (miscellaneous items)BRIC
77.3%
Soccer actionKICK
77%
With [rung 11], Star Trek protagonist,
played by [rung 23]
☆KIRK☆
76.8%
Tom Sawyer's friendHUCK
74.6%
You wouldn't like this guy when he's angryHULK
72.5%
Clue Answer % Correct
Country bumpkinHICK
71.6%
Charlie Chaplin was oneBRIT
66.4%
Batman's nemesis in 'The Dark Knight Rises'BANE
66%
Online TV streaming siteHULU
63.7%
With [rung 28], Star Trek protagonist,
played by [rung 23]
☆CAPT.☆
61.6%
NBA MVP NowitzkiDIRK
56.2%
Trekkie, e.g.NERD
55%
The ____ Dog, Andy's nickname on 'The Office'NARD
52.7%
USS Enterprise helmsman☆SULU☆
52%
Very seriousDIRE
50.6%
Star Trek villain played by [rung 1]+[rung 8]☆NERO☆
50.1%
Where Jesus turned water to wineCANA
48.7%
With [rung 8], actor who plays [rung 17]☆ERIC☆
45.2%
Barrier against a floodDIKE
43.5%
Actor who plays [rung 11]+[rung 28]☆PINE☆
42.5%
With [rung 1], actor who plays [rung 17]☆BANA☆
41.5%
Captain of the USS Enterprise tortured by [rung 17]☆PIKE☆
38.3%

Today's Daily Dose

Missing Word
Fruity Song Titles

Quick Pick
Double Blanks

On This Day
June 22nd II

You're not logged in!

Compare scores with friends on all Sporcle quizzes.
Join for Free
OR
Log In

You Might Also Like...

Show Comments

Extras

Top Quizzes Today


Score Distribution

Your Account Isn't Verified!

In order to create a playlist on Sporcle, you need to verify the email address you used during registration. Go to your Sporcle Settings to finish the process.

Report this User

Report this user for behavior that violates our Community Guidelines.

Details: